000 00352 a2200109 4500
001 ART_4819
005 20260410161825.0
008 260409a
245 1 0 _aLa sociología del trabajo en América latina
100 1 _aAbramo, Laís
773 0 _tRevista de trabajo
_gSociología del trabajo - Año 2, Nº 8 (jul./dic. 1995)
_wREV4713
999 _c22671
_d22671